00421nam a2200157Ia 4500003000900000008004100009040001600050080001200066100001600078245003800094260004500132300001400177490002700191650002300218650002200241IN-BaIIA211028s9999 xx 000 0 eng d cIIA Library a621.355 aWade, E. J. 0aSecondary batteriescE. J. Wade  aLondonbThe Electrician Publishingc1902 aix, 492p. aThe electrician series aElectric batteries aStorage batteries